| 000 | 00943nam a2200205 a 4500 | ||
|---|---|---|---|
| 001 | 54687 | ||
| 005 | 20180714045643.0 | ||
| 008 | 140415s1999 000 0 spa d | ||
| 020 | _a0131090836 | ||
| 041 | _aspa | ||
| 082 |
_a320.6 _bWEI |
||
| 100 | 1 | _aWEIMER, DAVID L. | |
| 245 | 1 | 0 |
_aPOLICY ANALYSIS : _bCONCEPTS AND PRACTICE |
| 250 | _a3a ed. | ||
| 260 |
_a[s.l.] : _bPRENTICE HALL, INC.,, _c1999 |
||
| 300 |
_a39 _c15.1 x 2.3 x 22.6 |
||
| 520 | _aTHE BOOK IS ORGANIZED IN FOUR PARTS IN PART I AFTER PROVIDING AN EXAMPLE OF A POLICY ANALYSESIN II WE PROVIDED A COMPREHENSIVE TREARMENT OF RATIONALES FOR PUBLIC POLICY IN PART III WE GIVE PRACTICAL ADVICE ABOUT DOING POLICY ANALYSIS AND IN PART IV WE PRESENT SEVERAL EXTENDED EXPLAMES ILLUSTRATIONS HOW ANALYSTING HAVE APPRACHED POLICY PROBLEMS AND THE DIFFERENCES THAT THEIR EFFORTS HAVE MADE. | ||
| 650 | 1 | 4 | _aCIENCIAS POLITICAS |
| 700 | 1 |
_aVINING, AIDAN R. _ecoaut. |
|
| 999 |
_c54687 _d54687 |
||